Compilers : (Record no. 51584)

MARC details
000 -LEADER
fixed length control field 00648nam a2200241Ia 4500
005 - DATE AND TIME OF LATEST TRANSACTION
control field 20260429111942.0
008 - FIXED-LENGTH DATA ELEMENTS--GENERAL INFORMATION
fixed length control field 260429s9999||||xx |||||||||||||| ||und||
020 ## - INTERNATIONAL STANDARD BOOK NUMBER
International Standard Book Number 9789357054119
041 ## - LANGUAGE CODE
Language English
082 ## - DEWEY DECIMAL CLASSIFICATION NUMBER
Classification number 005.453
Item number AHO
100 ## - MAIN ENTRY--PERSONAL NAME
Personal name Aho, Alfred V.
245 #0 - TITLE STATEMENT
Title Compilers :
Remainder of title principles, techniques, and tools /
Statement of responsibility, etc Alfred V. Aho
250 ## - EDITION STATEMENT
Edition statement 2nd ed.
260 ## - PUBLICATION, DISTRIBUTION, ETC. (IMPRINT)
Place of publication, distribution, etc India :
Name of publisher, distributor, etc Pearson,
Date of publication, distribution, etc 2023.
300 ## - PHYSICAL DESCRIPTION
Extent xviii, 965 p.; pbk
650 ## - SUBJECT ADDED ENTRY--TOPICAL TERM
Topical term or geographic name as entry element Compilers
650 ## - SUBJECT ADDED ENTRY--TOPICAL TERM
Topical term or geographic name as entry element Computer programming
650 ## - SUBJECT ADDED ENTRY--TOPICAL TERM
Topical term or geographic name as entry element Computer science
700 ## - ADDED ENTRY--PERSONAL NAME
Personal name Lam, Monica S.
700 ## - ADDED ENTRY--PERSONAL NAME
Personal name Sethi, Ravi
700 ## - ADDED ENTRY--PERSONAL NAME
Personal name Ullman, Jeffrey D.
942 ## - ADDED ENTRY ELEMENTS (KOHA)
Koha item type Text Books
Holdings
Withdrawn status Lost status Damaged status Not for loan Collection code Home library Location Shelving location Date of Cataloging Source of acquisition Total Checkouts Full call number Barcode Date last seen Price effective from Koha item type
        Non-fiction CUTN Central Library CUTN Central Library Generalia 29/04/2026 Chennai Book Agency, Chennai - Invoice No. 24-25/0154 on 10-02-2026   005.453 AHO 56612 29/04/2026 29/04/2026 Text Books